[Event "EU-ch (Men) 11th"]
[Site "Rijeka"]
[Date "2010.03.09"]
[Round "4.112"]
[White "Cvitan, Ognjen"]
[Black "Pavlidis, Antonios"]
[Result "1/2-1/2"]
[WhiteElo "2550"]
[BlackElo "2376"]
[PlyCount "47"]
[EventDate "2010.03.06"]
[EventType "swiss"]
[EventRounds "11"]
[EventCountry "CRO"]
[SourceDate "2010.03.06"]

1. d4 d5 2. c4 c6 3. Nf3 Nf6 4. Nc3 e6 5. e3 Nbd7 6. Qc2 Bd6 7. b3 O-O 8. Be2
e5 9. cxd5 cxd5 10. Nb5 Bb4+ 11. Bd2 Bxd2+ 12. Nxd2 e4 13. O-O Ne8 14. Rfc1 Nb6
15. Nc7 Rb8 16. Nxe8 Rxe8 17. a4 Be6 18. a5 Nc8 19. b4 Nd6 20. Qc5 b6 21. axb6
axb6 22. Qc7 Rc8 23. Qxd8 Rexd8 24. Kf1 1/2-1/2

[Event "EU-ch (Men) 11th"]
[Site "Rijeka"]
[Date "2010.03.09"]
[Round "4.113"]
[White "Platzgummer, Fabian"]
[Black "Damljanovic, Branko"]
[Result "0-1"]
[WhiteElo "2383"]
[BlackElo "2550"]
[PlyCount "90"]
[EventDate "2010.03.06"]
[EventType "swiss"]
[EventRounds "11"]
[EventCountry "CRO"]
[SourceDate "2010.03.06"]

1. Nf3 c5 2. c4 Nf6 3. Nc3 e6 4. g3 b6 5. Bg2 Bb7 6. O-O a6 7. d4 cxd4 8. Qxd4
Nc6 9. Qf4 Ne7 10. b3 Ng6 11. Qd2 Bb4 12. Qb2 O-O 13. Rd1 Rb8 14. a3 Be7 15. h3
Qc7 16. Be3 Rfc8 17. Rac1 Bc5 18. Bd4 Bxd4 19. Nxd4 Bxg2 20. Kxg2 h5 21. h4
Qb7+ 22. Kg1 Ne5 23. Qd2 Neg4 24. a4 Rc5 25. Qd3 Rbc8 26. Nf3 d5 27. cxd5 Nxf2
28. Kxf2 Rxc3 29. Rxc3 Rxc3 30. Qd4 exd5 31. Kg2 Qc7 32. Rd3 Rxd3 33. Qxd3 a5
34. Qf5 Ne4 35. Ne5 g6 36. Qf4 Qe7 37. g4 hxg4 38. Nxg4 Qe6 39. h5 gxh5 40.
Nh6+ Kg7 41. Nf5+ Kh7 42. e3 Qf6 43. Kf3 Nd2+ 44. Ke2 Nxb3 45. Qf3 Kg6 0-1

[Event "EU-ch (Men) 11th"]
[Site "Rijeka"]
[Date "2010.03.09"]
[Round "4.114"]
[White "Brkic, Ante"]
[Black "Bentivegna, Francesco"]
[Result "1-0"]
[WhiteElo "2543"]
[BlackElo "2361"]
[PlyCount "113"]
[EventDate "2010.03.06"]
[EventType "swiss"]
[EventRounds "11"]
[EventCountry "CRO"]
[SourceDate "2010.03.06"]

1. e4 e5 2. Nf3 Nc6 3. Bc4 Bc5 4. c3 Nf6 5. d3 O-O 6. Bb3 d5 7. Qe2 h6 8. h3
Be6 9. Nbd2 a6 10. Nf1 Re8 11. Ng3 Ba7 12. Nh2 Ne7 13. Ng4 Nxg4 14. hxg4 Ng6
15. exd5 Bxd5 16. Bxd5 Qxd5 17. Ne4 Nf4 18. Bxf4 exf4 19. Rxh6 f3 20. gxf3 Rad8
21. Rh5 Qxd3 22. Qxd3 Rxd3 23. Ke2 Rdd8 24. Rah1 f6 25. Rh8+ Kf7 26. Rxe8 Rxe8
27. Rd1 Re7 28. Rd8 g6 29. Kf1 Bb6 30. a4 c6 31. Rb8 Ke6 32. Rf8 f5 33. Ng3 Rd7
34. gxf5+ gxf5 35. Ke2 Rd5 36. Re8+ Kd7 37. Rb8 Re5+ 38. Kf1 Kc7 39. Rf8 Rd5
40. Rf7+ Kb8 41. Ke2 Re5+ 42. Kd3 Rd5+ 43. Kc2 Bxf2 44. Nxf5 c5 45. c4 Rd8 46.
f4 Be1 47. Re7 Bb4 48. Ne3 Rd4 49. f5 Rf4 50. Kd3 b5 51. axb5 axb5 52. b3 bxc4+
53. bxc4 Kc8 54. Rf7 Kd8 55. Rh7 Ba3 56. Rh8+ Kd7 57. Rh7+ 1-0

[Event "EU-ch (Men) 11th"]
[Site "Rijeka"]
[Date "2010.03.09"]
[Round "4.115"]
[White "Hoffmann, Paul"]
[Black "Neverov, Valeriy"]
[Result "0-1"]
[WhiteElo "2361"]
[BlackElo "2542"]
[PlyCount "63"]
[EventDate "2010.03.06"]
[EventType "swiss"]
[EventRounds "11"]
[EventCountry "CRO"]
[SourceDate "2010.03.06"]

1. e4 c5 2. Nf3 Nc6 3. d4 cxd4 4. Nxd4 Qb6 5. Nb3 Nf6 6. Nc3 e6 7. Bd3 Be7 8.
Qe2 O-O 9. Bd2 d6 10. O-O-O Ne5 11. f4 Nxd3+ 12. Qxd3 a5 13. Be3 Qa6 14. a4 Bd7
15. Rhe1 Rfc8 16. Bd4 Qc4 17. Bxf6 Qxd3 18. Rxd3 gxf6 19. Nd4 Rc4 20. f5 Rac8
21. g4 Bf8 22. Kb1 Bh6 23. Nde2 d5 24. exd5 exf5 25. gxf5 Bxf5 26. Rf3 Bg6 27.
d6 Rd8 28. Rd1 Rc6 29. d7 Rc7 30. Ng3 Rcxd7 31. Rxd7 Rxd7 32. Nge4 0-1

[Event "EU-ch (Men) 11th"]
[Site "Rijeka"]
[Date "2010.03.09"]
[Round "4.116"]
[White "Szamoskozi, Gabor"]
[Black "San Segundo Carrillo, Pablo"]
[Result "1/2-1/2"]
[WhiteElo "2347"]
[BlackElo "2534"]
[PlyCount "37"]
[EventDate "2010.03.06"]
[EventType "swiss"]
[EventRounds "11"]
[EventCountry "CRO"]
[SourceDate "2010.03.06"]

1. e4 e5 2. Nf3 Nc6 3. d4 exd4 4. Nxd4 Bc5 5. Be3 Qf6 6. c3 Nge7 7. Bc4 d6 8.
O-O Ne5 9. Be2 Qg6 10. f4 Qxe4 11. Bf2 Bxd4 12. cxd4 N5g6 13. g3 Qf5 14. Nc3 a6
15. d5 h5 16. h4 Qh3 17. Re1 Nxf4 18. Qa4+ Bd7 19. Qe4 1/2-1/2

[Event "EU-ch (Men) 11th"]
[Site "Rijeka"]
[Date "2010.03.09"]
[Round "4.117"]
[White "Papin, Vasily"]
[Black "Grimberg, Boris"]
[Result "1/2-1/2"]
[WhiteElo "2532"]
[BlackElo "2352"]
[PlyCount "73"]
[EventDate "2010.03.06"]
[EventType "swiss"]
[EventRounds "11"]
[EventCountry "CRO"]
[SourceDate "2010.03.06"]

1. c4 Nf6 2. Nc3 c5 3. Nf3 Nc6 4. g3 g6 5. d4 cxd4 6. Nxd4 Bg7 7. Bg2 O-O 8.
O-O Qb6 9. Nc2 d6 10. b3 Qa5 11. Nb5 a6 12. Bd2 Qd8 13. Nc3 Rb8 14. a4 Be6 15.
Ne3 Nb4 16. a5 d5 17. Na4 Nc6 18. Nc5 Ne4 19. Bxe4 dxe4 20. Nxe6 fxe6 21. Ra2
Qc7 22. Qb1 Qe5 23. Rc1 Nd4 24. Bc3 Qf6 25. Qxe4 Qxf2+ 26. Kh1 Qf6 27. Bxd4
Qxd4 28. Qxe6+ Kh8 29. Nd5 Rf5 30. Nf4 Re5 31. Qh3 Qe4+ 32. Qg2 Qe3 33. Nd3 Rf5
34. Qg1 Qe4+ 35. Qg2 Qe3 36. Qg1 Qe4+ 37. Qg2 1/2-1/2

[Event "EU-ch (Men) 11th"]
[Site "Rijeka"]
[Date "2010.03.09"]
[Round "4.118"]
[White "Banusz, Tamas"]
[Black "Raznikov, Danny"]
[Result "1/2-1/2"]
[WhiteElo "2517"]
[BlackElo "2331"]
[PlyCount "112"]
[EventDate "2010.03.06"]
[EventType "swiss"]
[EventRounds "11"]
[EventCountry "CRO"]
[SourceDate "2010.03.06"]

1. d4 Nf6 2. c4 c5 3. d5 b5 4. cxb5 a6 5. bxa6 Bxa6 6. Nc3 g6 7. e4 Bxf1 8.
Kxf1 d6 9. g3 Bg7 10. Kg2 O-O 11. Nf3 Nbd7 12. Re1 Ra6 13. Qc2 Qa8 14. a4 Rb8
15. Bg5 h6 16. Bf4 Ng4 17. Ra3 Rb4 18. b3 Nge5 19. Nxe5 Nxe5 20. Na2 Rb8 21.
Bxe5 Bxe5 22. Nc1 Rab6 23. Nd3 Qa5 24. Re2 Qc3 25. Nxe5 Qxe5 26. a5 Rb4 27. Qd3
Qg5 28. a6 Qc1 29. Raa2 Ra8 30. a7 Rb7 31. e5 Rbxa7 32. Rxa7 Rxa7 33. e6 Ra1
34. exf7+ Kxf7 35. Qf3+ Ke8 36. Qg4 Qf1+ 37. Kf3 Qh1+ 38. Kf4 Qxd5 39. Qxg6+
Qf7+ 40. Qxf7+ Kxf7 41. Kg4 Kf6 42. f4 Ra3 43. Rb2 e5 44. Rd2 exf4 45. Rxd6+
Ke5 46. Rb6 fxg3 47. hxg3 Kd4 48. Kh4 Ra1 49. Rxh6 Rh1+ 50. Kg5 Rxh6 51. Kxh6
Kc3 52. g4 Kxb3 53. g5 c4 54. g6 c3 55. g7 c2 56. g8=Q+ Kb2 1/2-1/2

[Event "EU-ch (Men) 11th"]
[Site "Rijeka"]
[Date "2010.03.09"]
[Round "4.119"]
[White "Schiendorfer, Emanuel"]
[Black "Guliyev, Namig"]
[Result "0-1"]
[WhiteElo "2340"]
[BlackElo "2516"]
[PlyCount "72"]
[EventDate "2010.03.06"]
[EventType "swiss"]
[EventRounds "11"]
[EventCountry "CRO"]
[SourceDate "2010.03.06"]

1. d4 d5 2. c4 dxc4 3. Nf3 Nf6 4. e3 e6 5. Bxc4 a6 6. O-O Nbd7 7. a4 c5 8. Nc3
cxd4 9. exd4 Be7 10. Qe2 Nb6 11. Bb3 O-O 12. Re1 Nbd5 13. Bg5 Re8 14. Rac1 h6
15. Bd2 b6 16. Ne5 Bb7 17. Qd3 Bd6 18. Qg3 Rf8 19. Qh3 Nxc3 20. bxc3 Bxe5 21.
Rxe5 Ne4 22. Be3 Rc8 23. c4 Qd6 24. Qh4 Qb4 25. Bc2 Nd6 26. Rh5 Rfd8 27. c5 Nc4
28. d5 Bxd5 29. cxb6 Qa3 30. Rf1 Nxe3 31. fxe3 Qxe3+ 32. Qf2 Qxf2+ 33. Rxf2 a5
34. Bd3 Rc1+ 35. Rf1 Rxf1+ 36. Bxf1 Rb8 0-1

[Event "EU-ch (Men) 11th"]
[Site "Rijeka"]
[Date "2010.03.09"]
[Round "4.120"]
[White "Lorscheid, Gerhard"]
[Black "Janssen, Ruud"]
[Result "1/2-1/2"]
[WhiteElo "2328"]
[BlackElo "2516"]
[PlyCount "98"]
[EventDate "2010.03.06"]
[EventType "swiss"]
[EventRounds "11"]
[EventCountry "CRO"]
[SourceDate "2010.03.06"]

1. d4 Nf6 2. c4 e6 3. Nc3 Bb4 4. Qc2 Nc6 5. Nf3 d6 6. Bd2 O-O 7. a3 Bxc3 8.
Bxc3 Qe7 9. b4 e5 10. dxe5 Nxe5 11. e3 a5 12. Be2 axb4 13. axb4 Bg4 14. Rxa8
Rxa8 15. Nxe5 Bxe2 16. Kxe2 dxe5 17. Ra1 Rxa1 18. Bxa1 c6 19. b5 Qc5 20. bxc6
bxc6 21. Qa4 h6 22. Qa6 Nd7 23. Qc8+ Nf8 24. Qa6 Ne6 25. h3 e4 26. Bd4 Qd6 27.
Qb6 Kh7 28. Ke1 h5 29. g3 Ng5 30. h4 Nf3+ 31. Kd1 Kg6 32. Kc2 f6 33. Kb3 Kf5
34. Qb7 g6 35. Qc8+ Qe6 36. Qc7 g5 37. Kb4 Nd2 38. Kc3 Nxc4 39. g4+ Kxg4 40.
Qg3+ Kf5 41. hxg5 Qd6 42. Qh3+ Kxg5 43. Kxc4 Qd5+ 44. Kc3 Qa5+ 45. Kb3 Qb5+ 46.
Kc3 Qd3+ 47. Kb4 Qb5+ 48. Kc3 Qd3+ 49. Kb4 Qb5+ 1/2-1/2

[Event "EU-ch (Men) 11th"]
[Site "Rijeka"]
[Date "2010.03.09"]
[Round "4.121"]
[White "Llaneza Vega, Marcos"]
[Black "Sandalakis, Angelos"]
[Result "1-0"]
[WhiteElo "2514"]
[BlackElo "2319"]
[PlyCount "61"]
[EventDate "2010.03.06"]
[EventType "swiss"]
[EventRounds "11"]
[EventCountry "CRO"]
[SourceDate "2010.03.06"]

1. e4 c5 2. Nf3 e6 3. d4 cxd4 4. Nxd4 a6 5. Nc3 Qc7 6. Bd3 Nf6 7. Qe2 d6 8. f4
Nbd7 9. g4 g6 10. Be3 Nc5 11. f5 Bg7 12. O-O-O Bd7 13. Nb3 Nxb3+ 14. axb3 Bc6
15. Rhf1 O-O-O 16. g5 Nh5 17. Qf2 Rde8 18. Bb6 Qd7 19. f6 Bf8 20. e5 h6 21. h4
d5 22. Ne2 Kb8 23. Nd4 Rc8 24. Kd2 hxg5 25. hxg5 Qe8 26. c3 Bd7 27. b4 Rc6 28.
Nxc6+ Bxc6 29. Ra1 Bb5 30. Qe3 Qc6 31. Bd4 1-0

[Event "EU-ch (Men) 11th"]
[Site "Rijeka"]
[Date "2010.03.09"]
[Round "4.122"]
[White "Szabo, Krisztian"]
[Black "Chudinovskih, Alexander N"]
[Result "1-0"]
[WhiteElo "2513"]
[BlackElo "2314"]
[PlyCount "75"]
[EventDate "2010.03.06"]
[EventType "swiss"]
[EventRounds "11"]
[EventCountry "CRO"]
[SourceDate "2010.03.06"]

1. e4 e5 2. Nf3 Nc6 3. Bb5 a6 4. Ba4 Nf6 5. O-O Be7 6. Re1 b5 7. Bb3 O-O 8. c3
d6 9. h3 Na5 10. Bc2 c5 11. d4 Qc7 12. Nbd2 Nc6 13. d5 Nd8 14. a4 Rb8 15. b3
Bd7 16. axb5 axb5 17. Nf1 b4 18. cxb4 cxb4 19. Bd2 Nh5 20. Bd3 Nf4 21. Bc4 f6
22. Rc1 Qa5 23. Bxf4 exf4 24. Qd2 g5 25. e5 Kg7 26. e6 Be8 27. Ra1 Qc5 28. Rec1
Bg6 29. Be2 Qb6 30. Ra6 Qb7 31. Qd4 Rc8 32. Rxc8 Qxc8 33. Ra7 Re8 34. Bb5 Kf8
35. Bxe8 Kxe8 36. Qxb4 Bd3 37. N1d2 h5 38. Nc4 1-0

[Event "EU-ch (Men) 11th"]
[Site "Rijeka"]
[Date "2010.03.09"]
[Round "4.123"]
[White "Medancic, Rikard"]
[Black "Jurcik, Marian"]
[Result "1/2-1/2"]
[WhiteElo "2311"]
[BlackElo "2510"]
[PlyCount "82"]
[EventDate "2010.03.06"]
[EventType "swiss"]
[EventRounds "11"]
[EventCountry "CRO"]
[SourceDate "2010.03.06"]

1. d4 d6 2. e4 g6 3. c4 Bg7 4. Nc3 Nc6 5. d5 Nd4 6. Bd3 e5 7. Nge2 Nf6 8. O-O
O-O 9. Nb5 Nxb5 10. cxb5 Nh5 11. Qc2 f5 12. exf5 gxf5 13. Ng3 Nxg3 14. fxg3 e4
15. Be2 Bd4+ 16. Kh1 Qf6 17. Rb1 e3 18. Qd3 f4 19. Rxf4 Bf5 20. Qd1 Be5 21. Rf3
Qg6 22. Ra1 Bc2 23. Qg1 Be4 24. Rxf8+ Rxf8 25. Bxe3 Bxd5 26. Rf1 Bxa2 27. Bf4
Bxb2 28. Bf3 Qg7 29. Qxa7 Bc4 30. Rb1 b6 31. h4 Bd4 32. Qa4 d5 33. Qd1 Rf7 34.
Kh2 Rd7 35. Qa4 h6 36. Re1 Kh7 37. Re6 Bf6 38. Qc2+ Qg6 39. Qd2 Qf7 40. Bg4 Re7
41. Rxe7 Bxe7 1/2-1/2

[Event "EU-ch (Men) 11th"]
[Site "Rijeka"]
[Date "2010.03.09"]
[Round "4.124"]
[White "Fucak, Emilijo"]
[Black "Danielsen, Henrik"]
[Result "1-0"]
[WhiteElo "2280"]
[BlackElo "2494"]
[PlyCount "120"]
[EventDate "2010.03.06"]
[EventType "swiss"]
[EventRounds "11"]
[EventCountry "CRO"]
[SourceDate "2010.03.06"]

1. c4 e5 2. g3 Nc6 3. Bg2 f5 4. Nc3 Nf6 5. d3 Bb4 6. Qd2 O-O 7. a3 Bxc3 8. Qxc3
d5 9. cxd5 Nxd5 10. Qc5 Be6 11. Nf3 Kh8 12. O-O Qd6 13. Qxd6 cxd6 14. b4 Nc3
15. Re1 a5 16. bxa5 Nxa5 17. Bd2 Na4 18. Bb4 Rfd8 19. Rac1 h6 20. Rc7 g5 21.
Rec1 Nb3 22. Rb1 b6 23. h4 g4 24. Nd2 Nxd2 25. Bxd2 Rac8 26. Rxc8 Rxc8 27. Bxh6
Rc2 28. Bf8 Nc3 29. Rxb6 Nxe2+ 30. Kh1 Nd4 31. Bxd6 Re2 32. Bc5 Kg7 33. Rd6 Kf7
34. Bxd4 exd4 35. Bd5 Bxd5+ 36. Rxd5 Ke6 37. Rxd4 Rxf2 38. a4 Ke5 39. Rf4 Ra2
40. d4+ Kf6 41. d5 Ra1+ 42. Kg2 Ra2+ 43. Rf2 Rxa4 44. Rd2 Ke7 45. d6+ Kd7 46.
h5 Ra8 47. Kf2 Rh8 48. Ke3 Rxh5 49. Kf4 Rh3 50. Rd4 Rh5 51. Rd3 Kd8 52. Rd5 Kd7
53. Rxf5 Rh6 54. Rd5 Rg6 55. Rd4 Rxd6 56. Rxd6+ Kxd6 57. Kxg4 Ke7 58. Kg5 Kf7
59. Kh6 Kf6 60. g4 Kf7 1-0

[Event "EU-ch (Men) 11th"]
[Site "Rijeka"]
[Date "2010.03.09"]
[Round "4.125"]
[White "Bente, Bjoern"]
[Black "Goganov, Aleksey"]
[Result "1/2-1/2"]
[WhiteElo "2245"]
[BlackElo "2492"]
[PlyCount "88"]
[EventDate "2010.03.06"]
[EventType "swiss"]
[EventRounds "11"]
[EventCountry "CRO"]
[SourceDate "2010.03.06"]

1. c4 e6 2. g3 d5 3. Nf3 Nf6 4. d4 dxc4 5. Bg2 Bb4+ 6. Bd2 a5 7. O-O Nc6 8. e3
Rb8 9. Qc2 b5 10. a4 Bxd2 11. axb5 Bxe3 12. fxe3 Nb4 13. Qxc4 Nfd5 14. Qe2 O-O
15. Nc3 c6 16. Nxd5 exd5 17. Ne5 cxb5 18. Rfc1 Be6 19. Rc5 Qb6 20. Bf1 f6 21.
Nf3 Bg4 22. Qf2 Bd7 23. Nd2 Rfe8 24. Qf4 a4 25. Rac1 Re7 26. e4 dxe4 27. Nxe4
Na6 28. Rd5 Bc6 29. Rd6 Rxe4 30. Rcxc6 Qxc6 31. Rxc6 Rxf4 32. gxf4 Nb4 33. Rc5
Rd8 34. Bxb5 Rxd4 35. Bxa4 Rxf4 36. Bb3+ Kf8 37. Rc8+ Ke7 38. Rc7+ Kd6 39. Rxg7
h5 40. Bd1 Nd3 41. Bxh5 Nxb2 42. Be2 Na4 43. Kg2 Nc5 44. Rg4 Rxg4+ 1/2-1/2

[Event "EU-ch (Men) 11th"]
[Site "Rijeka"]
[Date "2010.03.09"]
[Round "4.126"]
[White "Ekstroem, Roland"]
[Black "Kunze, Carlo"]
[Result "1-0"]
[WhiteElo "2491"]
[BlackElo "2306"]
[PlyCount "63"]
[EventDate "2010.03.06"]
[EventType "swiss"]
[EventRounds "11"]
[EventCountry "CRO"]
[SourceDate "2010.03.06"]

1. f4 Nf6 2. Nf3 d6 3. Nc3 Nbd7 4. e4 e5 5. Bc4 Be7 6. d3 O-O 7. O-O c6 8. a3
exf4 9. Bxf4 Nb6 10. Bb3 d5 11. Qe1 Bg4 12. h3 Bxf3 13. Rxf3 Qd7 14. Qf2 Rad8
15. Rf1 c5 16. exd5 Nfxd5 17. Nxd5 Nxd5 18. Bh6 Qe6 19. Bd2 Bf6 20. Qxc5 Bxb2
21. Qxa7 Qc6 22. Kh1 Nf6 23. Bb4 Ra8 24. Qf2 Rfe8 25. a4 Rad8 26. Bd2 Be5 27.
Bg5 Bc3 28. Rf5 Bd4 29. Qh4 Rd6 30. Qg3 Re7 31. Bxf6 Bxf6 32. Rxf6 1-0

[Event "EU-ch (Men) 11th"]
[Site "Rijeka"]
[Date "2010.03.09"]
[Round "4.127"]
[White "Berescu, Alin"]
[Black "Djurovic, Goran"]
[Result "1/2-1/2"]
[WhiteElo "2486"]
[BlackElo "2276"]
[PlyCount "93"]
[EventDate "2010.03.06"]
[EventType "swiss"]
[EventRounds "11"]
[EventCountry "CRO"]
[SourceDate "2010.03.06"]

1. g3 g6 2. Bg2 Bg7 3. c4 d6 4. Nc3 e5 5. e3 Nd7 6. Nge2 Ne7 7. b4 a5 8. b5 Rb8
9. O-O b6 10. Bb2 Bb7 11. Nd5 Bxd5 12. cxd5 O-O 13. Qc2 f5 14. Rac1 Rc8 15. d3
Qe8 16. f4 Qf7 17. Qc4 Nf6 18. Nc3 Nd7 19. Kh1 Bf6 20. Rc2 Qg7 21. Ne2 g5 22.
fxe5 Bxe5 23. d4 Bf6 24. Qb3 Nb8 25. Rfc1 Ng6 26. e4 fxe4 27. Bh3 Qe7 28. Be6+
Kh8 29. Qe3 g4 30. Qxe4 Bg5 31. Re1 Rf2 32. Nf4 Rxc2 33. Nxg6+ hxg6 34. Qxc2
Kg7 35. Bc1 Rf8 36. Bxg5 Qxg5 37. Qxc7+ Kh6 38. Qc1 Rf2 39. Qxg5+ Kxg5 40. Rc1
Rxa2 41. h4+ gxh3 42. Rc8 Rb2 43. Rxb8 Rxb5 44. Kh2 a4 45. Bd7 Rb2+ 46. Kxh3 a3
47. Ra8 1/2-1/2

[Event "EU-ch (Men) 11th"]
[Site "Rijeka"]
[Date "2010.03.09"]
[Round "4.128"]
[White "Cheparinov, Ivan"]
[Black "Astengo, Corrado"]
[Result "1-0"]
[WhiteElo "2657"]
[BlackElo "2136"]
[PlyCount "47"]
[EventDate "2010.03.06"]
[EventType "swiss"]
[EventRounds "11"]
[EventCountry "CRO"]
[SourceDate "2010.03.06"]

1. d4 d5 2. c4 c6 3. Nf3 Nf6 4. e3 e6 5. b3 Nbd7 6. Bb2 Bd6 7. Bd3 O-O 8. O-O
Re8 9. Ne5 c5 10. Nd2 a6 11. f4 cxd4 12. exd4 b6 13. Rf3 Bb7 14. Rh3 Nf8 15.
Qe2 Rc8 16. Rf1 Qe7 17. g4 Ne4 18. Nxe4 dxe4 19. Bxe4 f6 20. Nd3 Rcd8 21. Re3
Qd7 22. Bxb7 Qxb7 23. f5 Qd7 24. Re1 1-0

[Event "EU-ch (Men) 11th"]
[Site "Rijeka"]
[Date "2010.03.09"]
[Round "4.129"]
[White "Nyback, Tomi"]
[Black "Pesotsky, Vitaly"]
[Result "1-0"]
[WhiteElo "2624"]
[BlackElo "2282"]
[PlyCount "79"]
[EventDate "2010.03.06"]
[EventType "swiss"]
[EventRounds "11"]
[EventCountry "CRO"]
[SourceDate "2010.03.06"]

1. d4 Nf6 2. c4 g6 3. Nc3 Bg7 4. e4 d6 5. Nf3 O-O 6. Be2 e5 7. Be3 Nc6 8. d5
Ne7 9. Nd2 c5 10. Rb1 b6 11. O-O Ne8 12. b4 f5 13. f3 f4 14. Bf2 g5 15. a4 a5
16. bxc5 dxc5 17. Nb3 Rf6 18. Nxc5 bxc5 19. Bxc5 Ng6 20. Bf2 Nh4 21. c5 Rh6 22.
d6 Kh8 23. Nd5 Nxg2 24. Kxg2 Qd7 25. Bg1 Qh3+ 26. Kh1 Be6 27. Rf2 Rd8 28. Bf1
Qh4 29. Rfb2 g4 30. fxg4 Bxg4 31. Be2 Be6 32. Rb8 Bf6 33. Nc7 Ng7 34. Nxe6 Nxe6
35. c6 Ng5 36. Bf3 Nh3 37. Qe2 Kg7 38. c7 Rxd6 39. c8=Q Rg6 40. Qf8# 1-0

[Event "EU-ch (Men) 11th"]
[Site "Rijeka"]
[Date "2010.03.09"]
[Round "4.130"]
[White "Gajewski, Grzegorz"]
[Black "Veleski, Robert"]
[Result "1-0"]
[WhiteElo "2567"]
[BlackElo "2278"]
[PlyCount "55"]
[EventDate "2010.03.06"]
[EventType "swiss"]
[EventRounds "11"]
[EventCountry "CRO"]
[SourceDate "2010.03.06"]

1. d4 Nf6 2. c4 e6 3. Nc3 Bb4 4. Qc2 c5 5. dxc5 Nc6 6. g3 Qa5 7. Nf3 b6 8. Bg2
Ba6 9. Bd2 bxc5 10. O-O O-O 11. a3 Bxc3 12. Bxc3 Qb6 13. b4 Bb7 14. Rab1 cxb4
15. axb4 Ne7 16. c5 Qc6 17. Qb2 Ned5 18. Be5 Ne8 19. Rfc1 f6 20. b5 Qc8 21. Bd6
Nxd6 22. cxd6 Qb8 23. Qa3 Rc8 24. Nd4 Nb6 25. Nc6 dxc6 26. bxc6 Bxc6 27. Rxc6
Rd8 28. Rc7 1-0

[Event "EU-ch (Men) 11th"]
[Site "Rijeka"]
[Date "2010.03.09"]
[Round "4.131"]
[White "Maevsky, Nikolay"]
[Black "Shimanov, Alexandr"]
[Result "0-1"]
[WhiteElo "2275"]
[BlackElo "2553"]
[PlyCount "70"]
[EventDate "2010.03.06"]
[EventType "swiss"]
[EventRounds "11"]
[EventCountry "CRO"]
[SourceDate "2010.03.06"]

1. d4 Nf6 2. c4 e6 3. Nf3 d5 4. Nc3 Bb4 5. Qa4+ Nc6 6. e3 O-O 7. Bd2 Re8 8. a3
Bf8 9. Rd1 a6 10. Qc2 h6 11. Bc1 Bd7 12. Be2 dxc4 13. Bxc4 Bd6 14. O-O Qe7 15.
Ne4 Nxe4 16. Qxe4 Na5 17. Ba2 Ba4 18. Rd2 Nb3 19. Rd3 Nxc1 20. Rxc1 Bb5 21.
Rdc3 Bc6 22. Qg4 Rad8 23. Qh5 Qf6 24. Qh4 Qg6 25. Bb1 f5 26. Qh3 Qf6 27. Nd2 e5
28. Qxf5 Qxf5 29. Bxf5 exd4 30. Rd3 dxe3 31. fxe3 Re5 32. Bh3 Rb5 33. Rd4 Rxb2
34. Nc4 Rb5 35. Rcd1 Re8 0-1

[Event "EU-ch (Men) 11th"]
[Site "Rijeka"]
[Date "2010.03.09"]
[Round "4.132"]
[White "Dimitrijevic, Darko"]
[Black "Drazic, Sinisa"]
[Result "0-1"]
[WhiteElo "2272"]
[BlackElo "2545"]
[PlyCount "75"]
[EventDate "2010.03.06"]
[EventType "swiss"]
[EventRounds "11"]
[EventCountry "CRO"]
[SourceDate "2010.03.06"]

1. c4 e5 2. g3 g6 3. Bg2 Bg7 4. Nc3 Ne7 5. e3 c5 6. a3 Nbc6 7. Rb1 a5 8. Nge2
O-O 9. O-O d6 10. d3 Rb8 11. Qc2 Be6 12. Rd1 Qd7 13. Nb5 Rbc8 14. Nec3 f5 15.
Na4 Rb8 16. Nb6 Qd8 17. Nd5 Bf7 18. Bd2 Rc8 19. Qa4 b6 20. Rdc1 Nxd5 21. cxd5
Ne7 22. e4 Be8 23. Qc4 Qd7 24. a4 f4 25. gxf4 exf4 26. f3 g5 27. Bc3 Ng6 28.
Bxg7 Kxg7 29. d4 g4 30. dxc5 Rxc5 31. Qe2 Qe7 32. Nd4 Bd7 33. fxg4 h5 34. gxh5
Ne5 35. Kh1 Kh7 36. Rg1 Qh4 37. Bf3 Qh3 38. Qf2 0-1

[Event "EU-ch (Men) 11th"]
[Site "Rijeka"]
[Date "2010.03.09"]
[Round "4.133"]
[White "Djukic, Nikola"]
[Black "Cucancic, Sinisa"]
[Result "1-0"]
[WhiteElo "2509"]
[BlackElo "2271"]
[PlyCount "29"]
[EventDate "2010.03.06"]
[EventType "swiss"]
[EventRounds "11"]
[EventCountry "CRO"]
[SourceDate "2010.03.06"]

1. d4 d5 2. c4 dxc4 3. e4 b5 4. a4 c6 5. b3 e5 6. bxc4 Bb4+ 7. Bd2 Qxd4 8. Bxb4
Qxa1 9. Nf3 Nf6 10. cxb5 c5 11. Ba5 O-O 12. Bc4 Be6 13. Bc3 Qxb1 14. Qxb1 Bxc4
15. Nxe5 1-0

[Event "EU-ch (Men) 11th"]
[Site "Rijeka"]
[Date "2010.03.09"]
[Round "4.134"]
[White "Feher, Adam"]
[Black "Brunello, Sabino"]
[Result "1/2-1/2"]
[WhiteElo "2260"]
[BlackElo "2476"]
[PlyCount "82"]
[EventDate "2010.03.06"]
[EventType "swiss"]
[EventRounds "11"]
[EventCountry "CRO"]
[SourceDate "2010.03.06"]

1. e4 e5 2. Nf3 Nc6 3. Bb5 a6 4. Ba4 Nf6 5. O-O Be7 6. Re1 b5 7. Bb3 O-O 8. c3
d6 9. h3 Na5 10. Bc2 c5 11. d4 Qc7 12. Nbd2 Be6 13. Nf1 cxd4 14. cxd4 Rac8 15.
Bd3 Rfe8 16. b3 exd4 17. Bb2 Qb7 18. Nxd4 Bd7 19. Ng3 Nc4 20. bxc4 bxc4 21. Rb1
cxd3 22. Ndf5 Qc7 23. Nxe7+ Rxe7 24. Bxf6 gxf6 25. Qxd3 Re5 26. Qf3 Qd8 27. Nh5
Be6 28. Nxf6+ Kg7 29. Nd5 Rc4 30. Qd3 Bxd5 31. exd5 Rxe1+ 32. Rxe1 Qh4 33. g3
Qd4 34. Rd1 Qxd3 35. Rxd3 Ra4 36. a3 Kf6 37. f4 Kf5 38. Re3 Ra5 39. Kf2 h5 40.
Kf3 Rxd5 41. g4+ hxg4+ 1/2-1/2

[Event "EU-ch (Men) 11th"]
[Site "Rijeka"]
[Date "2010.03.09"]
[Round "4.135"]
[White "Maiwald, Jens Uwe"]
[Black "Bach, Adrian"]
[Result "1-0"]
[WhiteElo "2474"]
[BlackElo "2251"]
[PlyCount "39"]
[EventDate "2010.03.06"]
[EventType "swiss"]
[EventRounds "11"]
[EventCountry "CRO"]
[SourceDate "2010.03.06"]

1. e4 c5 2. d3 Nc6 3. g3 g6 4. Bg2 Bg7 5. Nf3 e5 6. O-O Nge7 7. Nc3 d6 8. Nd2
Be6 9. Nc4 d5 10. exd5 Bxd5 11. Nxd5 Nxd5 12. a4 Qd7 13. a5 O-O 14. c3 Rab8 15.
Qb3 Rfd8 16. Re1 h6 17. Qb5 Nde7 18. Be3 Qxd3 19. Bxc5 f5 20. Qb3 1-0

[Event "EU-ch (Men) 11th"]
[Site "Rijeka"]
[Date "2010.03.09"]
[Round "4.136"]
[White "Papadakis, Michalis"]
[Black "Todorovic, Goran M"]
[Result "0-1"]
[WhiteElo "2244"]
[BlackElo "2453"]
[PlyCount "124"]
[EventDate "2010.03.06"]
[EventType "swiss"]
[EventRounds "11"]
[EventCountry "CRO"]
[SourceDate "2010.03.06"]

1. d4 d5 2. c4 e6 3. Nc3 c5 4. cxd5 exd5 5. Nf3 Nc6 6. g3 Nf6 7. Bg2 Be7 8. O-O
O-O 9. Bg5 cxd4 10. Nxd4 h6 11. Be3 Re8 12. Rc1 Bg4 13. h3 Be6 14. Nxe6 fxe6
15. f4 Bb4 16. a3 Ba5 17. Qb3 Qe7 18. Bf2 Kh8 19. Rfd1 Rad8 20. Na4 Qf7 21. Qb5
a6 22. Qd3 e5 23. fxe5 Rxe5 24. b4 Bc7 25. Nc5 Bb6 26. Rf1 Qe7 27. b5 Ne4 28.
Nxe4 dxe4 29. Qb1 Bxf2+ 30. Rxf2 axb5 31. Rcf1 Qxa3 32. Kh2 Rde8 33. Rf7 Nd4
34. Qe1 Qe3 35. Rxb7 R5e7 36. Rxe7 Rxe7 37. Qb4 Re6 38. g4 Kh7 39. Qf8 Qxe2 40.
Rf2 Nf3+ 41. Kg3 Qc4 42. Qf5+ Kg8 43. Bxf3 exf3 44. Rxf3 Rf6 45. Qe5 Rxf3+ 46.
Kxf3 b4 47. g5 Qc3+ 48. Qxc3 bxc3 49. Ke3 hxg5 50. Kd3 Kh7 51. Kxc3 Kg6 52. Kd4
Kh5 53. Ke4 g4 54. Kf4 gxh3 55. Kg3 h2 56. Kxh2 Kh4 57. Kg2 Kg4 58. Kh1 Kh3 59.
Kg1 g6 60. Kh1 g5 61. Kg1 g4 62. Kh1 g3 0-1